| 000 | 00791nam a2200205 a 4500 | ||
|---|---|---|---|
| 008 | 101109s2007 ||||||||||||||||| || u | ||
| 020 | _a1420043498 | ||
| 050 | _aTK 6553 Con | ||
| 100 | _aKumar, Sameer | ||
| 245 | 1 | 0 |
_aConnective technologies in the supply chain _cedited by Sameer Kumar |
| 260 |
_aBoca Raton, FL. _bAuerbach Publications _c2007 |
||
| 300 | _axvii, 277p.: ill | ||
| 350 | _a0.00 | ||
| 490 | _aSupply chain integration modeling, optimization, and applications | ||
| 490 | _v 3 | ||
| 650 | 7 |
_aTECHNOLOGY _2fast |
|
| 650 | _aBUSINESS LOGISTICS | ||
| 650 | 0 | _aRADIO FREQUENCY IDENTIFICATION SYSTEMS | |
| 995 |
_D0.00 _FCBU-MAIN LIBRARY (Kitwe) _H1 _I0.00 _M1 _UAVAILABLE _WDec 6, 2010 _ZMain Library Open Access Collection |
||
| 999 |
_c38442 _d38442 |
||